Uncommon Flags - WRITINGS - Statistics

General Stats
  • This quiz has been taken 11 times
  • The average score is 12 of 18
Answers on the Map
Answers color-coded by a green-red scale on the quiz's map according to % correct below.
 
Answer Stats
Elements Country % Correct
Arabic: Shahada (the Islamic creed) Afghanistan
100%
Arabic: Shahada (the Islamic creed) Saudi Arabia
100%
Portuguese: "Order and Progress" Brazil
89%
Spanish: "Republic of {El} {Salvador} in Central America"; "God, Unity, Freedom"; "15th September 1821" El Salvador
89%
Spanish: "Republic of {Nicaragua} - Central America" Nicaragua
89%
Arabic: Takbir ("'Allāhu 'akbaru") Iraq
78%
Latin: "Sub Umbra Floreo" Belize
67%
Arabic: “Always render service by the guidance of God”; “{Brunei}, abode of peace" Brunei
67%
Arabic: "Arab Republic of {Egypt}" Egypt
67%
Spanish: "Freedom 15th September 1821" Guatemala
67%
Arabic: Takbir ("'Allāhu 'akbaru") Iran
67%
Latin: "Libertas" San Marino
67%
Spanish: “God, Homeland, Freedom” Dominican Republic
56%
French: "Unity makes Strength" Haiti
56%
Latin: "Plus Ultra" Spain
56%
Latin: "Virtus Unita Fortior" Andorra
44%
Spanish: "Unity, Peace, Justice" Equatorial Guinea
44%
English: "For Gallantry" Malta
33%
No matching quizzes found
Score Distribution
Percent of People with Each Score
Percentile by Number Answered
Your Score History
You have not taken this quiz